The Internal Security in the Visegrad Group

Na minha lista:
Detalhes bibliográficos
Autor principal: Kancik-Kołtun, Ewelina
Outros Autores: Smolík, Josef, Štefančík, Radoslav, 1976-, Fekete, Sándor
Formato: Livro
Idioma:inglês
Publicado em: Berlin Peter Lang 2025
Edição:1st Edition
Assuntos:
Tags: Adicionar Tag
Sem tags, seja o primeiro a adicionar uma tag!

MARC

LEADER 00000nam a2200000 4500
001 0313981
005 20260121124107.0
020 |a 978-3-631-92240-8 
041 0 |a eng 
044 |a DE 
245 1 0 |a The Internal Security in the Visegrad Group  |c Ewelina Kancik-Kołtun, Josef Smolík, Radoslav Štefančík, Sándor Fekete 
250 |a 1st Edition 
264 1 |a Berlin  |b Peter Lang  |c 2025 
300 |a 263 s. 
610 2 0 |a bezpečnosť medzinárodná 
610 2 0 |a bezpečnosť národná 
610 2 0 |a obrana štátu 
610 2 0 |a politika bezpečnostná 
610 2 0 |a stratégia bezpečnostná 
610 2 0 |a zložky bezpečnostné 
610 2 0 |a Vyšehradská štvorka 
610 2 0 |a Poľsko 
610 2 0 |a Česko 
610 2 0 |a Slovensko 
610 2 0 |a Maďarsko 
100 1 |a Kancik-Kołtun, Ewelina 
700 1 |a Smolík, Josef 
700 1 |a Štefančík, Radoslav, 1976- 
700 1 |a Fekete, Sándor